000 01029nam a22003257a 4500
003 CHAP
005 20220817043243.0
008 971013s1978 r 00010 d
010 _a69703
011 _a70675
035 _a80199
040 _cCHAP
090 _aFolleto 145y
110 2 _aNew Zealand Farmer
_981037
245 1 _aManual para la conservación del forraje
260 _aMontevideo :
_bHemisferio Sur,
_c[1978]
300 _a100 p.
_b; ilus
490 _aManual en agropecuarios modernos
590 _aBATCH-UPD
_b10
_c20130110
_lUCH01
_h0717
590 _aBATCH-UPD
_b10
_c20130410
_lUCH01
_h0402
590 _aBATCH-UPD
_b10
_c20130914
_lUCH01
_h1431
590 _aCONVERSION
_b10
_c20130109
_lUCH01
_h1338
650 1 4 _aForrajes.
650 1 4 _aPlantas forrajeras
_xDeshidratación.
_988955
830 0 _aManual en agropecuarios modernos
_970629
901 _aBK
942 _cFOLL
949 _aFolleto 145Y
_bBC
_cFOLL
_d-148455
_eTS1
_i80199
_si
949 _aFolleto 145Y
_bBC
_cFOLL
_d-148456
_eTS2
_fc.2
_i80199
_si
999 _c69703
_d69703